Thiên văn học

Sách giải thích những hiện tượng thiên văn học Những điều lý thú về thiên văn học, tìm hiểu các vật thể xung quanh mặt trời, vũ trụ ... dưới dạng hỏi và đáp.

Uloženo v:
Podrobná bibliografie
Médium: Kniha
Jazyk:Undetermined
Vydáno: Hà Nội Khoa học và Kỹ thuật 1997
Témata:
Tagy: Přidat tag
Žádné tagy, Buďte první, kdo otaguje tento záznam!
Thư viện lưu trữ: Trung tâm Học liệu Trường Đại học Cần Thơ
LEADER 00756nam a2200193Ia 4500
001 CTU_28685
008 210402s9999 xx 000 0 und d
020 |c 13000 
082 |a 520 
082 |b Th305/T.2 
245 0 |a Thiên văn học 
245 0 |c Dịch giả Phạm Văn Bình 
260 |a Hà Nội 
260 |b Khoa học và Kỹ thuật 
260 |c 1997 
520 |a Sách giải thích những hiện tượng thiên văn học Những điều lý thú về thiên văn học, tìm hiểu các vật thể xung quanh mặt trời, vũ trụ ... dưới dạng hỏi và đáp. 
650 |a Astronomy 
904 |i Trọng Hải 
980 |a Trung tâm Học liệu Trường Đại học Cần Thơ